| 000 | 00877cab a2200265 4500 | ||
|---|---|---|---|
| 001 | ABS50719 | ||
| 008 | 090401t1994 xxu||||| |||| 00| 0 eng d | ||
| 035 | _a(Sirsi) u22264 | ||
| 041 | _aeng | ||
| 100 | _aTaylor, N. | ||
| 245 | _aAesthetic judgement and environmental design: is it entirely subjective? | ||
| 260 | _c1994 | ||
| 350 | _a0 | ||
| 490 |
_aTown Planning Review _v65(1) January 1994, 21-40(20) |
||
| 520 | _aAttacks the view that aesthetic judgement is purely subjective and asserts the objective grounds which underpin the control of building design exerted by national planning policy. | ||
| 650 | _aAESTHETIC CONTROL | ||
| 650 | _aAESTHETICS | ||
| 650 | _aDESIGN CONTROL | ||
| 650 | _aGOVERNMENT POLICY | ||
| 650 | _aPLANNING CONTROL | ||
| 650 | _aPLANNING POLICY | ||
| 690 | _aPLANNING LAW AND PRACTICE | ||
| 942 | _n0 | ||
| 948 | _c04/03/1997 | ||
| 999 |
_c14912 _d14912 |
||